|
003 -Nazwa inst., której nr kontr. jest w polu 001 [,]
|
-
- @
- Nazwa instytucji, której n kontrolny jest w polu 001
- NUKAT
|
|
005 -DATA I CZAS OSTATNIEJ MODYFIKACJI [,]
|
-
- @
- pole kontrolne
- 20241231104959.0
|
|
020 -Międzynarod. znormalizowany nr książki - ISBN [ , ]
|
-
- a
- Numer ISBN
- 9788326482755
-
- q
- Dopowiedzenie
- t. 5 wersja drukowana
|
|
020 -Międzynarod. znormalizowany nr książki - ISBN [ , ]
|
-
- a
- Numer ISBN
- 9788327800800
-
|
|
020 -Międzynarod. znormalizowany nr książki - ISBN [ , ]
|
-
- a
- Numer ISBN
- 9788326488146
-
|
|
040 -Instytucja sporządzająca opis [ , ]
|
-
- a
- Instytucja, która sporządziła opis (NP)
- Ł U/bb
-
- c
- Instytucja, która sporządziła rekord (NP)
- Ł U/bb
-
- d
- Instytucja, która zmodyfikowała rekord (P)
- Ł U/bb
-
- d
- Instytucja, która zmodyfikowała rekord (P)
- BSTOK U/EWs
-
- d
- Instytucja, która zmodyfikowała rekord (P)
- WA U/91UKP
-
- d
- Instytucja, która zmodyfikowała rekord (P)
- WR U/PAdjm
-
- d
- Instytucja, która zmodyfikowała rekord (P)
- SZCZ U/JS
|
|
942 -Rodzaj dokumentu [ , ]
|
-
- c
- Rodzaj dokumentu
- Książka
|
|
245 -Strefa tytułu i oznaczenia odpowiedzialności [1,0]
|
-
- a
- Tytuł
- System prawa karnego procesowego.
-
- n
- Oznaczenie części (P)
- [T.] 5,
-
- p
- Nazwa części (P)
- Sądy i inne organy postępowania karnego /
-
- c
- Pozostałe elementy strefy tytułu i oznaczenia odpowiedzialności (NP)
- redakcja naukowa Zbigniew Kwiatkowski ; autorzy: Grażyna Artymiak, Arkadiusz Bereza, Ewa Kruk, Zbigniew Kwiatkowski, Robert Netczuk, Edward Skrętowicz, Ryszard A. Stefański, Andrzej Światłowski, Krzysztof Woźniewski, Monika Zbrojewska.
|
|
246 -Wariant tytułu [3,0]
|
-
- a
- Tytuł (NP)
- Sądy i inne organy postępowania karnego
|
|
260 -Strefa adresu wydawniczego [ , ]
|
-
- a
- Miejsce wydania (P)
- Warszawa :
-
- b
- Nazwa wydawcy (P)
- Wolters Kluwer,
-
|
|
080 -Uniwersalna Klasyfikacja Dziesiętna [ , ]
|
-
- 2
- Identyfikator wydania tablic
- UDC-P058
-
-
- a
- Symbol klasyfikacji
- 343.13
-
- b
- Dopowiedzenie
- Postępowanie karne. Prawo karne procesowe. Śledztwo. Umorzenie śledztwa.
-
-
-
- c
- Dopowiedzenie poddz. wspólnego
- (Polska).
|
|
610 -Hasło przedmiotowe w formie nazwy ciała zbiorowego [1,7]
|
-
- a
- Nazwa ciała zbiorowego lub nazwa geograficzna
- Polska.
-
- b
- Nazwa jednostki podrzędnej
- Sąd Najwyższy.
-
-
|
|
650 -Hasło przedmiotowe [ ,7]
|
-
- a
- Hasło przedmiotowe
- Sądy
-
- z
- Określnik geograficzny
- Polska
-
- y
- Określnik chronologiczny
- 1900-1945.
-
-
|
|
650 -Hasło przedmiotowe [ ,7]
|
-
- a
- Hasło przedmiotowe
- Sądy
-
- z
- Określnik geograficzny
- Polska
-
- y
- Określnik chronologiczny
- 1945-1990.
-
-
|
|
650 -Hasło przedmiotowe [ ,7]
|
-
- a
- Hasło przedmiotowe
- Sądy
-
- z
- Określnik geograficzny
- Polska
-
- y
- Określnik chronologiczny
- 1990-.
-
-
|
|
650 -Hasło przedmiotowe [ ,7]
|
-
- a
- Hasło przedmiotowe
- Wojskowy wymiar sprawiedliwości
-
- z
- Określnik geograficzny
- Polska.
-
-
|
|
980 -Symbol UKD [ , ]
|
-
|
|
700 -Hasło dodatkowe - nazwa osobowa [1, ]
|
-
- a
- Nazwa osobowa (NP)
- Bereza, Arkadiusz
-
- d
- Daty biograficzne (NP)
- (1968- ).
-
|
|
700 -Hasło dodatkowe - nazwa osobowa [1, ]
|
-
- a
- Nazwa osobowa (NP)
- Kruk, Ewa.
-
|
|
700 -Hasło dodatkowe - nazwa osobowa [1, ]
|
-
- a
- Nazwa osobowa (NP)
- Netczuk, Robert.
-
|
|
700 -Hasło dodatkowe - nazwa osobowa [1, ]
|
-
- a
- Nazwa osobowa (NP)
- Skrętowicz, Edward
-
- d
- Daty biograficzne (NP)
- (1937-2019).
-
|
|
700 -Hasło dodatkowe - nazwa osobowa [1, ]
|
-
- a
- Nazwa osobowa (NP)
- Stefański, Ryszard A.
-
- d
- Daty biograficzne (NP)
- (1944- ).
-
|
|
700 -Hasło dodatkowe - nazwa osobowa [1, ]
|
-
- a
- Nazwa osobowa (NP)
- Światłowski, Andrzej
-
- d
- Daty biograficzne (NP)
- (1967- ).
-
|
|
700 -Hasło dodatkowe - nazwa osobowa [1, ]
|
-
- a
- Nazwa osobowa (NP)
- Woźniewski, Krzysztof.
-
|
|
700 -Hasło dodatkowe - nazwa osobowa [1, ]
|
-
- a
- Nazwa osobowa (NP)
- Zbrojewska, Monika
-
- d
- Daty biograficzne (NP)
- (1972-2015).
-
|
|
700 -Hasło dodatkowe - nazwa osobowa [1, ]
|
-
- a
- Nazwa osobowa (NP)
- Kwiatkowski, Zbigniew
-
- c
- Dopowiedzenie inne niż daty biograficzne (NP)
- (prawo).
-
- e
- Określenie rodzaju współpracy
- Red.
-
|
|
700 -Hasło dodatkowe - nazwa osobowa [1, ]
|
-
- a
- Nazwa osobowa (NP)
- Hofmański, Piotr
-
- d
- Daty biograficzne (NP)
- (1956- ).
-
- e
- Określenie rodzaju współpracy
- Red.
-
|
|
710 -Hasło dodatkowe - nazwa ciała zbiorowego [2, ]
|
-
- a
- Nazwa ciała zbiorowego lub nazwa geograficzna jako pierwszy element (NP)
- Wolters Kluwer Polska.
-
-
|